Phonetic TV Shows Quiz Stats

 Plays Quiz Updated Jul 18, 2015

Challenge
Share
Tweet
Embed
Score 0/30 Timer 06:00
2 Plays Today
Phonetic Spelling TV Show % Correct
breɪkɪŋ bædBreaking Bad
98.4%
sɛsəmi stritSesame Street
97.9%
ðə bɪg bæŋ θɪriThe Big Bang Theory
96.3%
saʊθ pɑrkSouth Park
95.6%
mɑdərn fæməliModern Family
94.8%
ðə væmpaɪr daɪjərizThe Vampire Diaries
90.7%
spəndʒbɑb skwɛɪrpæntsSpongeBob SquarePants
90.1%
dɑktər huDoctor Who
90.1%
wʌns əpɑn ə taɪmOnce Upon a Time
89.2%
kwɑntəm lipQuantum Leap
89.1%
aɪ ləv lusiI Love Lucy
87.9%
dɛdliəst kætʃDeadliest Catch
85%
kərb jɔr ɪnθuziæzəmCurb Your Enthusiasm
84.4%
dɔrə ðə ɪksplɔrərDora the Explorer
84%
krɪmənəl maɪndzCriminal Minds
83.8%
Phonetic Spelling TV Show % Correct
bæbəlɑn faɪvBabylon 5
81.3%
ɪts ɔlweɪz sʌni ɪn fɪləˈdɛlfiəIt's Always Sunny in Philadelphia
80.9%
ɔrəndʒ ɪz ðə nu blækOrange is the New Black
80.9%
huz laɪn ɪz ɪt ɛniweɪ?Whose Line is it Anyway?
78%
fraɪdeɪ naɪt laɪtsFriday Night Lights
77.1%
ðə breɪdi bʌntʃThe Brady Bunch
76.9%
faɪərflaɪFirefly
75.5%
maɪjæmi vaɪsMiami Vice
69.4%
ðə ɛks faɪlzThe X-Files
67.3%
nɔrðərn ɪkspoʊʒərNorthern Exposure
60.1%
ɑntʊrɑʒEntourage
57.3%
ʃɜrlɑk Sherlock
55.4%
ðə ɔfəsThe Office
47.5%
munlaɪtɪŋMoonlighting
40.9%
ðə ʃildThe Shield
37.8%

You're not logged in!

Compare scores with friends on all Sporcle quizzes.
Join for Free
OR
Log In

You Might Also Like...

Show Comments

Extras

Top Quizzes Today


Score Distribution

Your Account Isn't Verified!

In order to create a playlist on Sporcle, you need to verify the email address you used during registration. Go to your Sporcle Settings to finish the process.

Report this User

Report this user for behavior that violates our Community Guidelines.

Details: